[Event "Frauenbundesliga 2016/2017"]
[Site "Wien / St. Veit / Jenbach"]
[Date "2017.01.14"]
[Round "1"]
[Board "2"]
[White "Zoehrer, Sarah"]
[Black "Trippold, Denise"]
[Result "0-1"]
[WhiteElo "1717"]
[BlackElo "2064"]
[PlyCount "52"]
[EventDate "2017.01.14"]
[EventType "team"]
[EventRounds "7"]
[EventCountry "AUT"]
[WhiteTeam "SV Chesshero Rapid Feffernitz"]
[BlackTeam "SK Baden"]

1. e4 c5 2. Nc3 Nc6 3. d3 g6 4. f4 d6 5. Nf3 Bg7 6. Bd2 e6 7. Qc1 Nge7 8. Be2
Nd4 9. Nd1 Nxe2 10. Kxe2 Nc6 11. c3 O-O 12. Nf2 e5 13. h4 exf4 14. Bxf4 f5 15.
h5 Re8 16. Kd1 fxe4 17. Nxe4 Bg4 18. hxg6 hxg6 19. Bg5 Qd7 20. Bf6 Ne5 21. Bxe5
Rxe5 22. Kc2 Rxe4 23. dxe4 Qa4+ 24. Kb1 Qxe4+ 25. Qc2 Qf4 26. Qb3+ c4 0-1

[Event "Frauenbundesliga 2016/2017"]
[Site "Wien / St. Veit / Jenbach"]
[Date "2017.01.14"]
[Round "1"]
[Board "3"]
[White "Lymysalo, Venla"]
[Black "Tscharnuter, Alexandra"]
[Result "1/2-1/2"]
[WhiteElo "1800"]
[BlackElo "1686"]
[PlyCount "121"]
[EventDate "2017.01.14"]
[EventType "team"]
[EventRounds "7"]
[EventCountry "AUT"]
[WhiteTeam "SK Baden"]
[BlackTeam "SV Chesshero Rapid Feffernitz"]

1. d4 Nf6 2. c4 e6 3. Nc3 Bb4 4. Qc2 b6 5. a3 Bxc3+ 6. Qxc3 O-O 7. Bg5 Bb7 8.
f3 d5 9. e3 Nbd7 10. Bd3 Rc8 11. Qc2 h6 12. Bh4 c5 13. Ne2 Qc7 14. Bg3 Qc6 15.
b3 a6 16. Nc3 Rfe8 17. O-O Nb8 18. Rac1 Qd7 19. Na4 Qd8 20. Bxb8 Rxb8 21. dxc5
bxc5 22. Nxc5 Qb6 23. b4 a5 24. Qd2 axb4 25. Qxb4 Qa7 26. Rb1 Bc6 27. Qc3 Qxc5
28. Kh1 dxc4 29. Qxc4 Qxc4 30. Bxc4 Nd5 31. Bxd5 Bxd5 32. Kg1 Kf8 33. Kf2 Rec8
34. Rxb8 Rxb8 35. Ra1 Bc4 36. g4 Rb2+ 37. Kg3 Rb3 38. Kf2 Rb2+ 39. Kg3 Ra2 40.
Rc1 Ba6 41. Rc3 Ke7 42. h4 Kf6 43. f4 g5 44. fxg5+ hxg5 45. h5 Ra1 46. Kf2 Kg7
47. e4 Rf1+ 48. Kg3 Rf4 49. Re3 Bb7 50. e5 Re4 51. Rxe4 Bxe4 52. a4 f5 53.
exf6+ Kxf6 54. a5 Ke5 55. a6 Ba8 56. a7 Kf6 57. Kf2 e5 58. Ke3 Ke6 59. Kd3 e4+
60. Kd4 Kf6 61. Ke3 1/2-1/2

[Event "Frauenbundesliga 2016/2017"]
[Site "Wien / St. Veit / Jenbach"]
[Date "2017.01.14"]
[Round "1"]
[Board "4"]
[White "Sommer, Milena"]
[Black "Berger, Lisa"]
[Result "1/2-1/2"]
[WhiteElo "1662"]
[BlackElo "1643"]
[PlyCount "97"]
[EventDate "2017.01.14"]
[EventType "team"]
[EventRounds "7"]
[EventCountry "AUT"]
[WhiteTeam "SV Chesshero Rapid Feffernitz"]
[BlackTeam "SK Baden"]

1. e4 c5 2. Nf3 e6 3. d4 cxd4 4. Nxd4 Nc6 5. Nc3 a6 6. Be2 Qc7 7. Nf3 Nf6 8. a3
Be7 9. O-O O-O 10. Bg5 b5 11. Qd3 Bb7 12. Rad1 Rad8 13. Rfe1 Rfe8 14. Bh4 h6
15. Bg3 d6 16. h3 Rd7 17. Qe3 Rdd8 18. e5 dxe5 19. Nxe5 Nxe5 20. Bxe5 Qc8 21.
Bf3 Bxf3 22. Qxf3 Rxd1 23. Rxd1 Rd8 24. Qe2 Rxd1+ 25. Qxd1 Qd8 26. Qxd8+ Bxd8
27. Kf1 Kf8 28. Ke2 Nd7 29. Bd6+ Be7 30. Bxe7+ Kxe7 31. Ne4 e5 32. b4 Ke6 33.
Kd3 f5 34. Nd2 Kd5 35. c4+ bxc4+ 36. Nxc4 g6 37. a4 Kc6 38. g3 g5 39. Ne3 f4
40. gxf4 exf4 41. Nf5 h5 42. Ng7 g4 43. hxg4 hxg4 44. Ke4 g3 45. fxg3 fxg3 46.
Kf3 Nb6 47. b5+ axb5 48. axb5+ Kxb5 49. Kxg3 1/2-1/2

[Event "Frauenbundesliga 2016/2017"]
[Site "Wien / St. Veit / Jenbach"]
[Date "2017.01.15"]
[Round "2"]
[Board "1"]
[White "Movsesian, Julia"]
[Black "Stangl, Anita"]
[Result "1-0"]
[WhiteElo "2318"]
[BlackElo "2053"]
[PlyCount "129"]
[EventDate "2017.01.14"]
[EventType "team"]
[EventRounds "7"]
[EventCountry "AUT"]
[WhiteTeam "ASVOE Pamhagen"]
[BlackTeam "Schach ohne Grenzen"]

1. Nf3 e6 2. g3 d5 3. Bg2 Be7 4. O-O h5 5. h3 Nd7 6. d3 e5 7. e4 d4 8. Nbd2 c5
9. Nc4 Qc7 10. a4 Bf6 11. Bd2 Ne7 12. c3 dxc3 13. bxc3 Nc6 14. Ne3 Qd6 15. Nf5
Qxd3 16. Ne1 Qa6 17. Nd6+ Ke7 18. Be3 Na5 19. Nf5+ Ke8 20. Bf3 g6 21. Be2 Qe6
22. Nd6+ Ke7 23. Nb5 Qc6 24. c4 Nb6 25. Nd3 Kf8 26. Bxc5+ Kg7 27. Bb4 Naxc4 28.
h4 Bh3 29. Re1 Qxe4 30. Bf3 Qf5 31. Be4 Qd7 32. Qe2 Nxa4 33. Reb1 a6 34. Rxa4
axb5 35. Rxa8 Rxa8 36. Nc5 Qd4 37. Bxb7 Ra1 38. Rxa1 Qxa1+ 39. Kh2 Bg4 40. Qc2
Qf1 41. Bg2 Qe2 42. Qxe2 Bxe2 43. Nd7 Nb2 44. Bf8+ Kg8 45. Ba3 Bxh4 46. Bxb2
Be7 47. Bd5 e4 48. Ne5 g5 49. Bxf7+ Kh7 50. Bg6+ Kg8 51. Bxe4 h4 52. gxh4 gxh4
53. Ng6 Bc5 54. f4 Bd6 55. Kh3 Bh5 56. Ne5 Be7 57. Nc6 Bd6 58. Kxh4 Bxf4 59.
Kxh5 Kf7 60. Kg4 Bd2 61. Kf5 Be1 62. Bd5+ Ke8 63. Ke6 b4 64. Bc1 Bc3 65. Bh6
 1-0

[Event "Frauenbundesliga 2016/2017"]
[Site "Wien / St. Veit / Jenbach"]
[Date "2017.01.15"]
[Round "2"]
[Board "2"]
[White "Anker, Christin"]
[Black "Hapala, Elisabeth"]
[Result "0-1"]
[WhiteElo "1821"]
[BlackElo "2091"]
[PlyCount "152"]
[EventDate "2017.01.14"]
[EventType "team"]
[EventRounds "7"]
[EventCountry "AUT"]
[WhiteTeam "Schach ohne Grenzen"]
[BlackTeam "ASVOE Pamhagen"]

1. e4 c5 2. Nf3 e6 3. d4 cxd4 4. Nxd4 Nc6 5. Nc3 Qc7 6. g3 a6 7. Bg2 h5 8. a4
h4 9. Be3 Ne5 10. Bf4 h3 11. Bf1 Bb4 12. Bxe5 Qxe5 13. Qd3 Bxc3+ 14. bxc3 Nf6
15. f3 d5 16. O-O-O dxe4 17. fxe4 Bd7 18. Be2 Rc8 19. Bf3 Bxa4 20. Ne2 O-O 21.
Qd4 Qxd4 22. Rxd4 Bc6 23. Rhd1 e5 24. Rb4 a5 25. Rb6 Rfd8 26. Rxd8+ Rxd8 27.
Ng1 Nd7 28. Rb1 Nc5 29. Nxh3 Nxe4 30. Bxe4 Bxe4 31. Nf2 Bc6 32. Nd3 f6 33. c4
Rd4 34. Nc5 Rxc4 35. Nxb7 a4 36. Na5 Rc5 37. Nxc6 Rxc6 38. Rb8+ Kf7 39. Ra8 Rc4
40. Kd2 Ke6 41. Kd3 Rd4+ 42. Ke3 Rb4 43. h4 Rg4 44. Kf3 Rc4 45. h5 Kf5 46. Ra7
Rc3+ 47. Ke2 Rxg3 48. Rxa4 Rg5 49. Ra7 Ke4 50. Ra4+ Kd5 51. Ra7 Kd4 52. Rd7+
Ke4 53. c4 Rxh5 54. Rxg7 Rh2+ 55. Kd1 Kd3 56. Ke1 Kxc4 57. Rg6 Kd3 58. Rxf6 e4
59. Ra6 Rh1+ 60. Kf2 e3+ 61. Kg2 Rc1 62. Rd6+ Ke2 63. Re6 Rc3 64. Ra6 Rd3 65.
Kg3 Ke1 66. Ra1+ Rd1 67. Ra2 e2 68. Kf3 Rd3+ 69. Kg2 Rd8 70. Ra1+ Kd2 71. Ra2+
Ke3 72. Ra3+ Rd3 73. Ra1 Rd1 74. Ra3+ Kd4 75. Ra4+ Kc3 76. Ra3+ Kb4 0-1

[Event "Frauenbundesliga 2016/2017"]
[Site "Wien / St. Veit / Jenbach"]
[Date "2017.01.15"]
[Round "2"]
[Board "3"]
[White "Mira, Helene"]
[Black "Wunderl, Eva"]
[Result "1-0"]
[WhiteElo "2068"]
[BlackElo "1880"]
[PlyCount "103"]
[EventDate "2017.01.14"]
[EventType "team"]
[EventRounds "7"]
[EventCountry "AUT"]
[WhiteTeam "ASVOE Pamhagen"]
[BlackTeam "Schach ohne Grenzen"]

1. Nf3 Nf6 2. c4 g6 3. Nc3 c5 4. d4 Bg7 5. e4 cxd4 6. Nxd4 d6 7. Be2 O-O 8. O-O
Bd7 9. Be3 Nc6 10. Nc2 Qc8 11. f3 Na5 12. b3 Re8 13. Qd2 b6 14. Rac1 Qc7 15.
Nb4 Bc6 16. Ncd5 Qb7 17. Nxf6+ Bxf6 18. Nd5 Bxd5 19. cxd5 Qd7 20. Ba6 Nb7 21.
Bxb7 Qxb7 22. Rc6 Rac8 23. Rfc1 Rxc6 24. Rxc6 Rc8 25. Qc2 Rxc6 26. dxc6 Qc7 27.
a4 Kf8 28. b4 Ke8 29. b5 e6 30. g3 h5 31. Kg2 Bd8 32. Qc4 Qe7 33. a5 Bc7 34.
axb6 axb6 35. Qd4 f6 36. Qa4 Qd8 37. Qa7 Kf8 38. h4 Ke8 39. Bd4 e5 40. Be3 Kf8
41. Kh2 Ke8 42. g4 Kf8 43. Bh6+ Ke7 44. g5 Qb8 45. gxf6+ Kf7 46. Qxb8 Bxb8 47.
Bg5 Bc7 48. Kg2 Bb8 49. Kf2 Bc7 50. Ke3 Ke6 51. Kd3 Bb8 52. f7 1-0

[Event "Frauenbundesliga 2016/2017"]
[Site "Wien / St. Veit / Jenbach"]
[Date "2017.01.15"]
[Round "2"]
[Board "4"]
[White "Kimpel, Janine"]
[Black "Horvath, Maria"]
[Result "1-0"]
[WhiteElo "1969"]
[BlackElo "1983"]
[PlyCount "57"]
[EventDate "2017.01.14"]
[EventType "team"]
[EventRounds "7"]
[EventCountry "AUT"]
[WhiteTeam "Schach ohne Grenzen"]
[BlackTeam "ASVOE Pamhagen"]

1. e4 e6 2. d4 d5 3. Nd2 Nf6 4. e5 Nfd7 5. f4 c5 6. c3 b6 7. Ndf3 Ba6 8. Bxa6
Nxa6 9. a3 Qc7 10. Ne2 Rc8 11. O-O Be7 12. Qd3 Nab8 13. f5 cxd4 14. fxe6 fxe6
15. Nfxd4 Nxe5 16. Qg3 Bf6 17. Bf4 O-O 18. Nxe6 Qe7 19. Nxf8 Rxf8 20. Bxe5 Bxe5
21. Rxf8+ Kxf8 22. Rf1+ Kg8 23. Qg4 Nd7 24. Nf4 Qc5+ 25. Kh1 Qd6 26. Qf5 Nf8
27. Nxd5 h6 28. Qf7+ Kh7 29. Ne7 1-0

[Event "Frauenbundesliga 2016/2017"]
[Site "Wien / St. Veit / Jenbach"]
[Date "2017.01.15"]
[Round "2"]
[Board "1"]
[White "Schnegg, Anna-Lena"]
[Black "Newrkla, Katharina"]
[Result "1-0"]
[WhiteElo "2120"]
[BlackElo "2188"]
[PlyCount "83"]
[EventDate "2017.01.14"]
[EventType "team"]
[EventRounds "7"]
[EventCountry "AUT"]
[WhiteTeam "Mayrhofen/SK Zell/Zillertal"]
[BlackTeam "ASVOE Wulkaprodersdorf"]

1. g3 Nf6 2. Bg2 g6 3. c4 Bg7 4. Nc3 O-O 5. e4 d6 6. Nge2 c5 7. d3 Nc6 8. O-O
Nd4 9. Rb1 Nd7 10. h3 Nxe2+ 11. Nxe2 Ne5 12. f4 Nc6 13. Be3 Qa5 14. a3 Bd7 15.
d4 cxd4 16. Nxd4 Rac8 17. Nb3 Qc7 18. Qd3 Be6 19. Nd2 f5 20. Kh2 Qd7 21. b3 a5
22. exf5 Bxf5 23. Ne4 Qe6 24. g4 Bxe4 25. Bxe4 Qf6 26. Bb6 Qc3 27. Qd5+ Kh8 28.
Rf3 Qf6 29. Kh1 Qh4 30. Qd3 Qf6 31. Kg2 Ra8 32. Re1 Qb2+ 33. Re2 Qf6 34. Qe3
Rfe8 35. Qd2 Ra6 36. Bxc6 bxc6 37. Bxa5 Qf7 38. a4 Rb8 39. f5 Be5 40. Bc3 Qg7
41. Rxe5 dxe5 42. Qe1 1-0

[Event "Frauenbundesliga 2016/2017"]
[Site "Wien / St. Veit / Jenbach"]
[Date "2017.01.15"]
[Round "2"]
[Board "2"]
[White "Exler, Veronika"]
[Black "Wu, Min"]
[Result "1-0"]
[WhiteElo "2208"]
[BlackElo "1907"]
[PlyCount "78"]
[EventDate "2017.01.14"]
[EventType "team"]
[EventRounds "7"]
[EventCountry "AUT"]
[WhiteTeam "ASVOE Wulkaprodersdorf"]
[BlackTeam "Mayrhofen/SK Zell/Zillertal"]

1. d4 d5 2. Nf3 Nf6 3. g3 e6 4. Bg2 Bd7 5. O-O c5 6. c4 Bc6 7. Ne5 Bd6 8. Nc3
Nbd7 9. cxd5 exd5 10. Nxd7 Qxd7 11. Bg5 Ne4 12. Bxe4 dxe4 13. d5 Bb5 14. Nxe4
O-O 15. Nc3 Rfe8 16. Re1 f6 17. Be3 h5 18. Qd2 Ba6 19. Bf4 Rad8 20. Rad1 Qg4
21. Bxd6 Rxd6 22. f3 Qf5 23. Qf4 Qd7 24. e4 g5 25. Qe3 b6 26. f4 Qg7 27. Kh1
Bb7 28. Rd2 Kh8 29. fxg5 fxg5 30. e5 Qe7 31. Kg1 Rg6 32. e6 Bc8 33. Qe5+ Kh7
34. Rf2 Rf8 35. Rxf8 Qxf8 36. Rf1 Qe8 37. Ne4 Kh6 38. Nd6 Qg8 39. e7 Bd7 1-0

[Event "Frauenbundesliga 2016/2017"]
[Site "Wien / St. Veit / Jenbach"]
[Date "2017.01.15"]
[Round "2"]
[Board "3"]
[White "Mayrhuber, Nikola"]
[Black "Unger, Eva"]
[Result "1-0"]
[WhiteElo "2082"]
[BlackElo "1757"]
[PlyCount "107"]
[EventDate "2017.01.14"]
[EventType "team"]
[EventRounds "7"]
[EventCountry "AUT"]
[WhiteTeam "Mayrhofen/SK Zell/Zillertal"]
[BlackTeam "ASVOE Wulkaprodersdorf"]

1. d4 d6 2. c4 Nf6 3. Nf3 g6 4. Nc3 Bg7 5. e4 O-O 6. Be2 c6 7. O-O Qc7 8. Qc2
Nbd7 9. h3 e5 10. dxe5 dxe5 11. Be3 Nh5 12. Qd2 Nf4 13. Rfd1 Nxe2+ 14. Nxe2 Nf6
15. Ng3 Be6 16. Bh6 Bxc4 17. Bxg7 Kxg7 18. Qg5 Rfe8 19. Nf5+ Kg8 20. Nd6 Re6
21. Nxc4 Nxe4 22. Qh4 f5 23. Ncxe5 Rxe5 24. Nxe5 Qxe5 25. Rd8+ Rxd8 26. Qxd8+
Kf7 27. Rd1 Nf6 28. Qd2 Nd5 29. Re1 Qd6 30. Qe2 Nf6 31. Qc4+ Nd5 32. Qh4 Kg7
33. Qd4+ Kh6 34. Qd2+ Kg7 35. Qd3 a6 36. Qb3 b5 37. Qd1 a5 38. Qd4+ Kh6 39.
Qh4+ Kg7 40. Qd4+ Kh6 41. Qd2+ Kg7 42. Qxa5 Kh6 43. Qd2+ Kg7 44. Re8 Qc5 45.
Qe1 Qd4 46. Qc1 c5 47. Rd8 c4 48. Rd7+ Kf6 49. Qh6 Qf4 50. Qf8+ Kg5 51. Qd8+
Nf6 52. Rd4 Qc1+ 53. Kh2 Qxb2 54. h4+ 1-0

[Event "Frauenbundesliga 2016/2017"]
[Site "Wien / St. Veit / Jenbach"]
[Date "2017.01.15"]
[Round "2"]
[Board "4"]
[White "Tschida, Verena"]
[Black "Konecny, Sophie"]
[Result "1/2-1/2"]
[WhiteElo "1580"]
[BlackElo "1820"]
[PlyCount "59"]
[EventDate "2017.01.14"]
[EventType "team"]
[EventRounds "7"]
[EventCountry "AUT"]
[WhiteTeam "ASVOE Wulkaprodersdorf"]
[BlackTeam "Mayrhofen/SK Zell/Zillertal"]

1. d4 Nf6 2. c4 e6 3. Bg5 d5 4. Nf3 h6 5. Bh4 Be7 6. Nc3 b6 7. e3 Bb7 8. Rc1
O-O 9. Be2 dxc4 10. Bxc4 Na6 11. Qe2 Nb4 12. a3 Nbd5 13. O-O Rc8 14. Ba6 Nxc3
15. bxc3 Bxa6 16. Qxa6 Ne4 17. Bxe7 Qxe7 18. Rfd1 c5 19. Qa4 Rfd8 20. Nd2 Nxd2
21. Rxd2 c4 22. Rb2 Rd5 23. Rcb1 Ra5 24. Qb4 Qd7 25. Ra2 Qc6 26. Qb2 Rd8 27.
Qe2 Rc8 28. Rb4 Qd5 29. e4 Qg5 30. Qc2 1/2-1/2

[Event "Frauenbundesliga 2016/2017"]
[Site "Wien / St. Veit / Jenbach"]
[Date "2017.01.15"]
[Round "2"]
[Board "1"]
[White "Novkovic, Julia"]
[Black "Vidic, Teja"]
[Result "1/2-1/2"]
[WhiteElo "2162"]
[BlackElo "2103"]
[PlyCount "55"]
[EventDate "2017.01.14"]
[EventType "team"]
[EventRounds "7"]
[EventCountry "AUT"]
[WhiteTeam "SK Dornbirn"]
[BlackTeam "SK Baden"]

1. e4 e5 2. Nf3 Nc6 3. Nc3 Nf6 4. d4 exd4 5. Nxd4 Bb4 6. Nxc6 bxc6 7. Bd3 d6 8.
Bd2 O-O 9. O-O Ng4 10. Qf3 Ne5 11. Qf4 Nxd3 12. cxd3 Rb8 13. d4 d5 14. a3 Be7
15. b4 dxe4 16. Nxe4 Be6 17. Rfe1 Bd5 18. Rac1 Re8 19. Rc3 Bd6 20. Nxd6 Rxe1+
21. Bxe1 Qxd6 22. Qxd6 cxd6 23. f3 Kf8 24. Bg3 Ke7 25. Kf2 Kd7 26. Ke2 Re8+ 27.
Kd2 Re6 28. Re3 1/2-1/2

[Event "Frauenbundesliga 2016/2017"]
[Site "Wien / St. Veit / Jenbach"]
[Date "2017.01.15"]
[Round "2"]
[Board "2"]
[White "Trippold, Denise"]
[Black "Kurapova, Olga"]
[Result "1/2-1/2"]
[WhiteElo "2064"]
[BlackElo "1950"]
[PlyCount "78"]
[EventDate "2017.01.14"]
[EventType "team"]
[EventRounds "7"]
[EventCountry "AUT"]
[WhiteTeam "SK Baden"]
[BlackTeam "SK Dornbirn"]

1. d4 Nf6 2. c4 g6 3. Nc3 Bg7 4. e4 d6 5. h3 O-O 6. Nf3 e5 7. d5 Nh5 8. g3 f5
9. exf5 gxf5 10. Nh4 Qe8 11. Be2 Nf6 12. Qc2 Na6 13. a3 Nc5 14. b4 Nce4 15.
Nxe4 Nxe4 16. Be3 a5 17. O-O axb4 18. axb4 Rxa1 19. Rxa1 Bf6 20. Nf3 Qg6 21.
Kh2 f4 22. gxf4 Qh6 23. Rg1+ Kh8 24. Bf1 exf4 25. Qxe4 fxe3 26. Qxe3 Qxe3 27.
fxe3 Bc3 28. Be2 Bxb4 29. Nd4 Bc5 30. Bg4 Bxd4 31. exd4 Bxg4 32. hxg4 Rf2+ 33.
Kg3 Rc2 34. Rb1 b6 35. Rb4 Rd2 36. c5 dxc5 37. dxc5 bxc5 38. Rb7 Rxd5 39. Rxc7
h5 1/2-1/2

[Event "Frauenbundesliga 2016/2017"]
[Site "Wien / St. Veit / Jenbach"]
[Date "2017.01.15"]
[Round "2"]
[Board "3"]
[White "Pilsan, Martha"]
[Black "Lymysalo, Venla"]
[Result "0-1"]
[WhiteElo "1651"]
[BlackElo "1800"]
[PlyCount "44"]
[EventDate "2017.01.14"]
[EventType "team"]
[EventRounds "7"]
[EventCountry "AUT"]
[WhiteTeam "SK Dornbirn"]
[BlackTeam "SK Baden"]

1. e4 c5 2. Nf3 d6 3. d4 cxd4 4. Nxd4 Nf6 5. Nc3 a6 6. Be2 e5 7. Nb3 Be6 8. Bg5
Be7 9. Qd2 O-O 10. O-O-O Nbd7 11. f3 b5 12. Be3 Nb6 13. Bd3 d5 14. exd5 Nfxd5
15. Be4 Nxe3 16. Qxe3 Bg5 17. Rxd8 Bxe3+ 18. Kb1 Raxd8 19. Re1 Nc4 20. Bd3 Nd2+
21. Nxd2 Bxd2 22. Rxe5 Rfe8 0-1

[Event "Frauenbundesliga 2016/2017"]
[Site "Wien / St. Veit / Jenbach"]
[Date "2017.01.15"]
[Round "2"]
[Board "4"]
[White "Panzenboeck, Sophie"]
[Black "Karner, Sylvia"]
[Result "0-1"]
[WhiteElo "1506"]
[BlackElo "1665"]
[PlyCount "54"]
[EventDate "2017.01.14"]
[EventType "team"]
[EventRounds "7"]
[EventCountry "AUT"]
[WhiteTeam "SK Baden"]
[BlackTeam "SK Dornbirn"]

1. d4 Nf6 2. Nf3 g6 3. c4 Bg7 4. Nc3 d5 5. e3 O-O 6. Bd3 c5 7. dxc5 Qa5 8. O-O
Qxc5 9. Na4 Qd6 10. cxd5 Qxd5 11. Nc3 Qd8 12. Qb3 Qxd3 13. Rd1 Qa6 14. Nd4 Nc6
15. Ndb5 Qa5 16. Bd2 Be6 17. Qa4 Qxa4 18. Nxa4 Bf5 19. Nc5 b6 20. Nb3 Rac8 21.
f3 Bc2 22. Rdc1 Bxb3 23. axb3 a5 24. Nc3 Rfd8 25. Be1 Nd5 26. e4 Nf4 27. Nd5
Ne2+ 0-1

[Event "Frauenbundesliga 2016/2017"]
[Site "Wien / St. Veit / Jenbach"]
[Date "2017.01.15"]
[Round "2"]
[Board "1"]
[White "Rozman, Monika"]
[Black "Schloffer, Jasmin-Denise"]
[Result "1-0"]
[WhiteElo "2135"]
[BlackElo "1937"]
[PlyCount "81"]
[EventDate "2017.01.14"]
[EventType "team"]
[EventRounds "7"]
[EventCountry "AUT"]
[WhiteTeam "SV Chesshero Rapid Feffernitz"]
[BlackTeam "Spg. Feldbach-Kirchberg"]

1. f4 d5 2. Nf3 Nf6 3. g3 g6 4. d3 c5 5. Bg2 Bg7 6. O-O O-O 7. Qe1 d4 8. Na3
Nc6 9. Bd2 Nd5 10. c3 e5 11. Nc4 exf4 12. gxf4 Re8 13. Ng5 Bg4 14. Ne4 Bf8 15.
f5 Bxf5 16. Rxf5 gxf5 17. Qg3+ Kh8 18. Ned6 Bxd6 19. Nxd6 Qf6 20. Bg5 Qg6 21.
Bxd5 Rf8 22. Rf1 f6 23. Bf4 Ne5 24. Nxb7 Rab8 25. Bg2 Qxg3 26. Bxg3 Rf7 27. Nd6
Rd7 28. Nc4 Rf8 29. Nxe5 fxe5 30. Bxe5+ Kg8 31. Bc6 Rdd8 32. c4 Kf7 33. Bd5+
Kg6 34. Kf2 f4 35. Rg1+ Kf5 36. Bg7 Rfe8 37. h4 f3 38. Rg5+ Kf4 39. exf3 Rb8
40. b3 a5 41. Be4 1-0

[Event "Frauenbundesliga 2016/2017"]
[Site "Wien / St. Veit / Jenbach"]
[Date "2017.01.15"]
[Round "2"]
[Board "2"]
[White "Horvath, Reka"]
[Black "Zoehrer, Sarah"]
[Result "1-0"]
[WhiteElo "2052"]
[BlackElo "1717"]
[PlyCount "53"]
[EventDate "2017.01.14"]
[EventType "team"]
[EventRounds "7"]
[EventCountry "AUT"]
[WhiteTeam "Spg. Feldbach-Kirchberg"]
[BlackTeam "SV Chesshero Rapid Feffernitz"]

1. e4 c5 2. Nf3 b6 3. d4 cxd4 4. Nxd4 Bb7 5. Nc3 a6 6. Bc4 e6 7. O-O Qc7 8. Qe2
Bb4 9. Bd2 d6 10. Ncb5 axb5 11. Bxb5+ Nd7 12. Bxb4 Ngf6 13. e5 dxe5 14. Nf3
Bxf3 15. Qxf3 Rc8 16. Qg3 Rg8 17. Rad1 e4 18. Rxd7 Nxd7 19. Rd1 Qxg3 20. Bxd7+
Kd8 21. Bxc8+ Kxc8 22. hxg3 Kc7 23. Bd6+ Kc6 24. Bf4 Ra8 25. a3 Ra5 26. Rd6+
Kc5 27. b4+ 1-0

[Event "Frauenbundesliga 2016/2017"]
[Site "Wien / St. Veit / Jenbach"]
[Date "2017.01.15"]
[Round "2"]
[Board "3"]
[White "Tscharnuter, Alexandra"]
[Black "Horvath, Orsolya"]
[Result "1-0"]
[WhiteElo "1686"]
[BlackElo "1867"]
[PlyCount "49"]
[EventDate "2017.01.14"]
[EventType "team"]
[EventRounds "7"]
[EventCountry "AUT"]
[WhiteTeam "SV Chesshero Rapid Feffernitz"]
[BlackTeam "Spg. Feldbach-Kirchberg"]

1. e4 c5 2. c3 Nf6 3. e5 Nd5 4. Nf3 b6 5. Bc4 Bb7 6. O-O e6 7. d4 cxd4 8. cxd4
Qc7 9. Bb3 d6 10. Bd2 Nc6 11. Nc3 dxe5 12. Nxd5 exd5 13. dxe5 Rd8 14. Rc1 Bc5
15. Re1 O-O 16. a3 h6 17. Bf4 Qe7 18. Qd3 Qe6 19. Bc2 g6 20. Bxh6 Rfe8 21. Bg5
Rd7 22. Bf6 Be7 23. Qd2 Qg4 24. Qh6 Bxf6 25. exf6 1-0

[Event "Frauenbundesliga 2016/2017"]
[Site "Wien / St. Veit / Jenbach"]
[Date "2017.01.15"]
[Round "2"]
[Board "4"]
[White "Wilfling, Sandra"]
[Black "Sommer, Milena"]
[Result "1-0"]
[WhiteElo "1812"]
[BlackElo "1662"]
[PlyCount "67"]
[EventDate "2017.01.14"]
[EventType "team"]
[EventRounds "7"]
[EventCountry "AUT"]
[WhiteTeam "Spg. Feldbach-Kirchberg"]
[BlackTeam "SV Chesshero Rapid Feffernitz"]

1. d4 d5 2. c4 e6 3. Nc3 Nf6 4. Bg5 Be7 5. e3 O-O 6. Nf3 h6 7. Bh4 Nc6 8. Rc1
Re8 9. a3 dxc4 10. Bxc4 Nd5 11. Bxe7 Ncxe7 12. Ne5 Nxc3 13. Rxc3 Nd5 14. Rd3 b6
15. Bb5 Rf8 16. Bc6 Rb8 17. Qa4 a5 18. Qb5 Ne7 19. O-O Qd6 20. Rc1 Nxc6 21.
Rxc6 Bd7 22. Nxd7 Qxd7 23. Qc4 Rfc8 24. h3 Qd5 25. Qc2 Qd7 26. Rdc3 Rb7 27.
R3c4 Qe7 28. Qe4 Rd8 29. Rc2 Rd6 30. Rxd6 Qxd6 31. Qxb7 c5 32. Qa8+ Kh7 33.
Qe4+ g6 34. dxc5 1-0

[Event "Frauenbundesliga 2016/2017"]
[Site "Wien / St. Veit / Jenbach"]
[Date "2017.01.15"]
[Round "2"]
[Board "1"]
[White "Hiebler, Laura"]
[Black "Stanimirovic, Ivana"]
[Result "1/2-1/2"]
[WhiteElo "2029"]
[BlackElo "1805"]
[PlyCount "81"]
[EventDate "2017.01.14"]
[EventType "team"]
[EventRounds "7"]
[EventCountry "AUT"]
[WhiteTeam "SV OEkothek St. Veit/Glan"]
[BlackTeam "tschaturanga"]

1. c4 Nf6 2. Nc3 e6 3. g3 Bb4 4. Bg2 Bxc3 5. bxc3 c5 6. Nf3 O-O 7. O-O Qc7 8.
d3 d5 9. Bf4 Qa5 10. Qb3 b6 11. cxd5 exd5 12. Ne5 Bb7 13. Bg5 Nbd7 14. Nxd7
Nxd7 15. Bxd5 Bxd5 16. Qxd5 Qa4 17. e4 h6 18. Bf4 Nf6 19. Qf5 Rfd8 20. Bxh6
gxh6 21. Qxf6 Rxd3 22. Qxh6 Qxe4 23. Rfe1 Qf5 24. Re2 Rad8 25. Rae1 Rd1 26.
Re8+ Rxe8 27. Rxd1 Qf3 28. Qg5+ Kf8 29. Rd8 Rxd8 30. Qxd8+ Kg7 31. Qg5+ Kf8 32.
Qd2 Qe4 33. h4 Qb1+ 34. Kh2 c4 35. h5 Qf5 36. h6 Kg8 37. Kg2 Kh7 38. Qd8 Qe4+
39. Kh2 Kxh6 40. Qd6+ Kg7 41. Qd2 1/2-1/2

[Event "Frauenbundesliga 2016/2017"]
[Site "Wien / St. Veit / Jenbach"]
[Date "2017.01.15"]
[Round "2"]
[Board "2"]
[White "Landl, Margot"]
[Black "Kejzar, Petra"]
[Result "0-1"]
[WhiteElo "1915"]
[BlackElo "1991"]
[PlyCount "86"]
[EventDate "2017.01.14"]
[EventType "team"]
[EventRounds "7"]
[EventCountry "AUT"]
[WhiteTeam "tschaturanga"]
[BlackTeam "SV OEkothek St. Veit/Glan"]

1. e4 c5 2. Nc3 Nc6 3. g3 g6 4. Bg2 Bg7 5. d3 e6 6. Be3 d6 7. Qd2 Rb8 8. Nge2
Nd4 9. Nd1 b5 10. c3 Nxe2 11. Qxe2 b4 12. O-O Ne7 13. Qd2 O-O 14. Bh6 bxc3 15.
bxc3 Qa5 16. Bxg7 Kxg7 17. h4 f5 18. exf5 Nxf5 19. Ne3 Bb7 20. Rab1 Bxg2 21.
Kxg2 Qc7 22. Nxf5+ exf5 23. Rxb8 Rxb8 24. Re1 Qc6+ 25. Kg1 Re8 26. h5 Re5 27.
h6+ Kf6 28. Re3 Qd5 29. a4 Qb3 30. Rxe5 dxe5 31. a5 Qa3 32. f4 Qxa5 33. fxe5+
Kxe5 34. Qf4+ Ke6 35. Qc4+ Kf6 36. Qg8 Qc7 37. Kh2 Qe7 38. Qh8+ Kg5 39. Qg7
Qe2+ 40. Kg1 Qe1+ 41. Kg2 Kg4 42. Qxh7 Qe2+ 43. Kg1 Kh3 0-1

[Event "Frauenbundesliga 2016/2017"]
[Site "Wien / St. Veit / Jenbach"]
[Date "2017.01.15"]
[Round "2"]
[Board "3"]
[White "Krassnitzer, Maria"]
[Black "Kremer, Nadine"]
[Result "0-1"]
[WhiteElo "1601"]
[BlackElo "1823"]
[PlyCount "60"]
[EventDate "2017.01.14"]
[EventType "team"]
[EventRounds "7"]
[EventCountry "AUT"]
[WhiteTeam "SV OEkothek St. Veit/Glan"]
[BlackTeam "tschaturanga"]

1. d4 Nf6 2. Bf4 g6 3. Nf3 Bg7 4. e3 d6 5. Be2 Nbd7 6. h3 c6 7. O-O O-O 8. c4
Ne4 9. Nbd2 f5 10. Qc2 Ndf6 11. Ng5 Nxd2 12. Qxd2 h6 13. Nf3 Qe8 14. Rac1 Kh7
15. Bh2 Qf7 16. Ne1 Ne4 17. Qc2 e5 18. dxe5 Bxe5 19. Bxe5 dxe5 20. Nd3 Qe7 21.
g4 fxg4 22. Bxg4 Ng5 23. Kg2 Bxg4 24. hxg4 Nf3 25. Rh1 Qg5 26. Kg3 h5 27. Rxh5+
gxh5 28. Nxe5+ Kg8 29. Nxf3 Qxg4+ 30. Kh2 Rxf3 0-1